000 00899cam a2200205 4500
001 WB3930-01
008 030807n2003 000 0 eng u
035 _a(Sirsi) u123223
245 _aRetention abuse
260 _c2003
490 _aConstruction News
_v(6828) 7 August 2003, 2 (1)
520 _aThe National Specialist Contractors Council's (NSCC) latest trade survey reveals that retention abuse is the most frequently reported contractual malpractice, with 80% of firms highlighting it as a problem. The survey also looks at labour availability, workload, forward planning, tender prices and contracts in use. NSCC's "State of trade survey" available from www.nscc.org.uk/nsccnews.htm.
590 _aWB
650 _aTRADE CONTRACTORS
650 _aRETENTIONS
650 _aCONTRACTUAL DISPUTES
650 _aNSCC STATE OF TRADE SURVEY
690 _aBUILT ENVIRONMENT
942 _n0
999 _c73182
_d73182